La vida proviene de la vida

Guardat en:
Dades bibliogràfiques
Autors principals: A.C. Bhaktivedanta Swami Prabhupada, 1896-1977 (autor), Srila Prabhupada (Autor)
Format: Llibre
Idioma:espanyol
Publicat: Buenos Aires Centro Bhaktivedanta 1993
Edició:2a. ed
Matèries:
Etiquetes: Afegir etiqueta
Sense etiquetes, Sigues el primer a etiquetar aquest registre!

MARC

LEADER 00000nam a2200000 a 4500
001 UCL5501
003 CL-VaPUC
008 040312e19930000AG |||||||||||||||||spa|d
020 |a 9509439096 
082 0 4 |a 294.54  |b ACB  |2 21 
100 |a A.C. Bhaktivedanta Swami Prabhupada,  |d 1896-1977  |e autor  |9 567919 
700 0 |a Srila Prabhupada  |e author  |9 483202 
245 1 3 |a La vida proviene de la vida 
250 |a 2a. ed 
300 |a 125 p 
942 |c BK 
945 |d 20040312 00:00:00  |a cmena 
260 |a Buenos Aires  |b Centro Bhaktivedanta  |c 1993 
650 0 |a Filosofía hindú  |9 431231 
650 7 |a MITOLOGIA HINDU  |2 CL-VaPUC  |9 483203 
583 |a last modification  |c 20040312 00:00:00  |k Rodrigo Vera 
999 |c 308036  |d 308034 
952 |0 0  |1 0  |4 0  |6 294_540000000000000_ACB_1993  |7 0  |8 A  |9 374250  |a BIBEDU  |b BIBEDU  |d 2019-11-21  |i 3905276  |o 294.54 ACB 1993  |p 3905276  |r 2022-01-17  |w 2019-11-21  |y BK  |k MUS